Study on financial performance of power sector companies in India / (Record no. 231112)
[ view plain ]
| 000 -LEADER | |
|---|---|
| fixed length control field | 00712nam a22001817a 4500 |
| 003 - CONTROL NUMBER IDENTIFIER | |
| control field | OSt |
| 005 - DATE AND TIME OF LATEST TRANSACTION | |
| control field | 20240611100716.0 |
| 008 - FIXED-LENGTH DATA ELEMENTS--GENERAL INFORMATION | |
| fixed length control field | 240611b ||||| |||| 00| 0 eng d |
| 040 ## - CATALOGING SOURCE | |
| Transcribing agency | AIMIT LIBRARY |
| 100 ## - MAIN ENTRY--PERSONAL NAME | |
| Personal name | Veigas, Flenson. |
| Relator term | 2116052 |
| 9 (RLIN) | 169987 |
| 245 ## - TITLE STATEMENT | |
| Title | Study on financial performance of power sector companies in India / |
| Statement of responsibility, etc. | By Flenson Veigas ; Guided by Nagendra. |
| 260 ## - PUBLICATION, DISTRIBUTION, ETC. | |
| Place of publication, distribution, etc. | Mangalore ; |
| Date of publication, distribution, etc. | 2023. |
| 650 ## - SUBJECT ADDED ENTRY--TOPICAL TERM | |
| Topical term or geographic name entry element | Industry profile company profile and introduction to the study |
| 9 (RLIN) | 169988 |
| 650 ## - SUBJECT ADDED ENTRY--TOPICAL TERM | |
| Topical term or geographic name entry element | Research methodology |
| 9 (RLIN) | 169989 |
| 700 ## - ADDED ENTRY--PERSONAL NAME | |
| Personal name | Nagendra. |
| Relator term | Guide |
| 9 (RLIN) | 169990 |
| 856 ## - ELECTRONIC LOCATION AND ACCESS | |
| Materials specified | Mangalore electricity supply company limited |
| Uniform Resource Identifier | <a href="www.mescom.karnataka.gov.in">www.mescom.karnataka.gov.in</a> |
| Link text | www.mescom.karnataka.gov.in |
| 942 ## - ADDED ENTRY ELEMENTS (KOHA) | |
| Source of classification or shelving scheme | Dewey Decimal Classification |
| Koha item type | Project Report |
| Withdrawn status | Lost status | Source of classification or shelving scheme | Damaged status | Not for loan | Collection code | Home library | Current library | Shelving location | Date acquired | Total Checkouts | Barcode | Date last seen | Copy number | Price effective from | Koha item type |
|---|---|---|---|---|---|---|---|---|---|---|---|---|---|---|---|
| Dewey Decimal Classification | Not for loan | Project Report MBA | St Aloysius Institute of Management & Information Technology | St Aloysius Institute of Management & Information Technology | Dissertations | 06/11/2024 | PRB02062 | 06/11/2024 | 2116052 | 06/11/2024 | Project Report |